000 00344nam a2200133Ia 4500
008 220217s9999||||xx |||||||||||||| ||und||
020 _a81-7366-823-X
082 _a004.68 HUN
100 _aHunt, Craig
_95537
245 0 _aSendmail cookbook
260 _aShroff publishers and dist.Pvt.
_bMumbai
_c2004
300 _b400
650 _aWWW
999 _c176545
_d176545